00984 2200265 4500001002100000005001500021035002000036007000300056008004100059020002200100082000800122084001400130100003200144245001900176300002900195650001000224520031100234264006600545336002100611337003000632338002300662990001100685990001100696990001100707INLIS00000000002095620230512111031 a0010-0523000295ta230512 g f ind  a978-602-424-964-5 a813 a813 LEI l0 aLeila S. ChudoriePengarang1 aLaut Bercerita ax + 379 halaman ;c20 cm 4aNovel aLaut Bercerita, novel terbaru Leila S. Chudori, bertutur tentang kisah keluarga yang kehilangan, sekumpulan sahabat yang merasakan kekosongan di dada, sekelompok orang yang gemar menyiksa dan lancar berkhianat, sejumlah keluarga yang mencari kejelasan makam anaknya, dan tentang cinta yang tak akan luntur. aJakarta :bPenerbit KPG (Kepustakaan Populer Gramedia),c2017 2rdacontentaTeks 2rdamediaaTanpa Perantara 2rdacarrieraLembar a073306 a073305 a073307